The Flash Quiz - Statistics

General Stats
  • This quiz has been taken 40 times
  • The average score is 10 of 16
Answer Stats
Questions Answer % Correct
Flash's Real Name Barry Allen
100%
Season 2 big bad Zoom
88%
Season 1 big bad Reverse Flash
84%
Barry's Wife Iris West-Allen
80%
Name of Hero with cold based powers Killer Frost
80%
Season 3 big bad Savitar
80%
Name of cosmic force that grants super speed Speed Force
76%
Season 4 big bad The Thinker
76%
Flash of Earth 3 Jay Garrick
72%
Character who can travel to any earth Vibe
64%
Name of people with abilities Metahumans
60%
Stretchy friend of the Flash Elongated Man
52%
Team Flash headquarters STAR Labs
52%
Number of Alternate Earths 52
36%
Nazis invade from Earth... Earth X
24%
Flash of Earth 2 Jessie Quick
16%
No matching quizzes found
Score Distribution
Percent of People with Each Score
Percentile by Number Answered
Your Score History
You have not taken this quiz